01002nam a22002657a 4500003000500000005001700005008004100022010001000063011001000073035001100083040000900094100003800103245014800141260004000289300002500329502010400354530003600458650002100494650002300515650004200538650003900580650002800619650002500647856006400672CHAP20220817044230.0081020s2008 mx r 00010 spa d a95264 a96236 a106883 cCHAP00aGarcía Villegas, Velia Elideth.14aLas mujeres del FIOB [Frente Indigena de Organizaciones Bionacionales] haciendo frente a la globalizaciónc/por Velia Elideth Garcia Villegas aChapingo, Méx. :bEl autor,c2008 aix, 1234 h. :bilus. aTesis (M.C. en Desarrollo Rural Regional) -- UACH. Dirección de Centros Regionales Universitarios aTambién disponible en línea14aGlobalización.14aMigración rural.14aMujer en comunidades ruralesxOaxaca.14aMujerxSituación socialzOaxaca.14aPolítica económica.14aTrabajo de la mujer. 3Finding aiduhttp://10.13.5.2/tesis/106883.pdfzTeclea aqui